000 00701nam a2200229 a 4500
001 3318360
003 OSt
005 20131106171430.0
008 840215s1995 cl a b f001 0 spa
020 _a958-600-338-8
040 _aDLC
_cBMC
082 _a658.152
100 1 _aSapag Chain, Nassir
_98561
245 1 0 _aPreparación y evaluación de proyectos
_cNassir Sapag Chain, Reinaldo Sapag Chain ; revisión técnica, Héctor A. Ruiz R.
250 _a3ª ed
260 _aBogotá [etc.]
_bMcGra-Hill
_c1995
300 _aXIV, 404 p.
_bil.
_c23 cm
650 2 4 _aEvaluación de proyectos
_96014
700 1 0 _aSapag Chain, Reinaldo
_98562
700 1 0 _aRuiz R., Hector A.
_98623
942 _2ddc
_cBK
999 _c3756
_d3756